Statistics for ALL 9 TAILED BEASTS IN NARUTO

Click here to take the quiz!

General Stats

  • This quiz has been taken 2,408 times
  • The average score is 6 of 9

Answer Stats

HintAnswer% Correct
9 TailsKurama
94%
1 TailsShukaku
84%
4 TailsSon Goku
76%
2 TailsMatatabi
68%
3 TailsIsobu
58%
6 TailsSaiken
54%
7 TailsChomei
53%
5 TailsKokuo
46%
8 TailsGyuuki
32%

Score Distribution

Percentile by Number Answered

Percent of People with Each Score

Your Score History

You have not taken this quiz